Vista normal Vista MARC

Entrada Corporate Name

Número de registros utilizados en: 1

001 - CONTROL NUMBER

  • control field: 36357

003 - CONTROL NUMBER IDENTIFIER

  • control field: OSt

005 - DATE AND TIME OF LATEST TRANSACTION

  • control field: 20210319135126.0

008 - FIXED-LENGTH DATA ELEMENTS

  • fixed length control field: 210319|| aca||aabn | a|a d

040 ## - CATALOGING SOURCE

  • Original cataloging agency: OSt
  • Transcribing agency: OSt

110 ## - HEADING--CORPORATE NAME

  • Corporate name or jurisdiction name as entry element: Cementos del Cariba

670 ## - SOURCE DATA FOUND

  • Source citation: Work cat.: (OSt)0: Cementos del Cariba , Cementos del Caribe :, 1994.